Señoras y señores /

Guardado en:
Autor Principal: Arciniegas, Triunfo
Otros Autores: Stagno, Laura; il.
Formato: Libro
Publicado: Buenos Aires ; Barcelona : Calibrsocopio, Ekaré : 2013.
Series:Rimas y adivinanzas
Materias:
Etiquetas: Agregar Etiqueta
Sin Etiquetas, Sea el primero en etiquetar este registro!
LEADER 01023nam a22002775a 4500
001 CEM.cems015382
008 130507s2013####sp############000#0#####d
005 20250602155956.0
245 1 0 |a Señoras y señores /  |c Triunfo Arciniegas ; ilustrado Por Laura Stagno 
260 |a Buenos Aires ;  |b Calibrsocopio,  |a Barcelona :  |b Ekaré :  |c 2013. 
300 |a 36 p. 
490 0 |a Rimas y adivinanzas 
500 |a Edición especial del Ministerio de Educación de la Nación. 
020 |a 9789871801183 
100 1 |a Arciniegas, Triunfo 
700 1 |a Stagno, Laura; il. 
082 0 4 |a C861.4 
653 |a Literatura 
653 |a Literatura colombiana 
653 |a Literatura infantil 
653 |a Poesía 
653 |a Poesía infantil 
653 |a Colección ciencias de la educación 
859 |a CEMS  |b BIB. CEMS - Inicial y Primaria  |h C861.4  |i Ar26  |k IP  |p 3903  |t Ej.1 
859 |a CEMS  |b BIB. CEMS - Ccias. Educacion  |h C861.4  |i Ar26  |k CE  |p 28759.19  |t Ej.1 
859 |a CEMS  |b BIB. CEMS - Ccias. Educacion  |h C861.4  |i Ar26  |k CE  |p 28760.19  |t Ej.2